<?xml version="1.0" encoding="UTF-8"?>
<record
    xmlns:xsi="http://www.w3.org/2001/XMLSchema-instance"
    xsi:schemaLocation="http://www.loc.gov/MARC21/slim http://www.loc.gov/standards/marcxml/schema/MARC21slim.xsd"
    xmlns="http://www.loc.gov/MARC21/slim">

  <leader>03013nam a22003617a 4500</leader>
  <controlfield tag="005">2008070103563.0</controlfield>
  <controlfield tag="008">080701t        xxu||||| |||| 00| h hin d</controlfield>
  <datafield tag="010" ind1=" " ind2=" ">
    <subfield code="a">HIN-83708       B-298813-819</subfield>
  </datafield>
  <datafield tag="020" ind1=" " ind2=" ">
    <subfield code="a">9788188494514</subfield>
    <subfield code="c">140.00</subfield>
  </datafield>
  <datafield tag="035" ind1=" " ind2=" ">
    <subfield code="a">HN-56054</subfield>
  </datafield>
  <datafield tag="035" ind1=" " ind2=" ">
    <subfield code="a">B-298813-819</subfield>
  </datafield>
  <datafield tag="037" ind1=" " ind2=" ">
    <subfield code="b">DBAD / PUB</subfield>
  </datafield>
  <datafield tag="040" ind1=" " ind2=" ">
    <subfield code="a">DPL</subfield>
    <subfield code="b">HN</subfield>
  </datafield>
  <datafield tag="082" ind1=" " ind2=" ">
    <subfield code="a">827</subfield>
  </datafield>
  <datafield tag="100" ind1=" " ind2=" ">
    <subfield code="a">&#x935;&#x930;&#x94D;&#x92E;&#x93E;, &#x938;&#x941;&#x930;&#x947;&#x928;&#x94D;&#x926;&#x94D;&#x930;</subfield>
  </datafield>
  <datafield tag="245" ind1=" " ind2=" ">
    <subfield code="a">&#x905;&#x92A;&#x928;&#x947;-&#x905;&#x92A;&#x928;&#x947; &#x905;&#x927;&#x92C;&#x940;&#x91A; /</subfield>
    <subfield code="c">&#x938;&#x941;&#x930;&#x947;&#x928;&#x94D;&#x926;&#x94D;&#x930; &#x935;&#x930;&#x94D;&#x92E;&#x93E;</subfield>
  </datafield>
  <datafield tag="246" ind1=" " ind2=" ">
    <subfield code="a">Apne Apne Adhbeech</subfield>
    <subfield code="b">by Surendra Verma</subfield>
  </datafield>
  <datafield tag="260" ind1=" " ind2=" ">
    <subfield code="a">&#x907;&#x932;&#x93E;&#x939;&#x93E;&#x92C;&#x93E;&#x926;</subfield>
    <subfield code="b">&#x909;&#x92E;&#x947;&#x936; &#x92A;&#x94D;&#x930;&#x915;&#x93E;&#x936;&#x928;</subfield>
    <subfield code="c">2007</subfield>
  </datafield>
  <datafield tag="270" ind1=" " ind2=" ">
    <subfield code="a">100, &#x932;&#x942;&#x915;&#x930;&#x917;&#x902;&#x91C;</subfield>
    <subfield code="b">&#x907;&#x932;&#x93E;&#x939;&#x93E;&#x92C;&#x93E;&#x926;</subfield>
  </datafield>
  <datafield tag="300" ind1=" " ind2=" ">
    <subfield code="a">128&#x92A;&#x943;</subfield>
    <subfield code="c">22&#x938;&#x947;&#x92E;&#x940;(&#x938;&#x91C;&#x93F;&#x932;&#x94D;&#x926;)</subfield>
  </datafield>
  <datafield tag="650" ind1=" " ind2=" ">
    <subfield code="a">&#x939;&#x93F;&#x928;&#x94D;&#x926;&#x940; &#x935;&#x94D;&#x92F;&#x902;&#x917;&#x94D;&#x92F;</subfield>
  </datafield>
  <datafield tag="650" ind1=" " ind2=" ">
    <subfield code="a">Hindi Satire</subfield>
  </datafield>
  <datafield tag="942" ind1=" " ind2=" ">
    <subfield code="c">HN</subfield>
    <subfield code="2">ddc</subfield>
    <subfield code="h">827</subfield>
    <subfield code="m">&#x935;&#x930;&#x94D;&#x92E;&#x93E;&#x938;&#x941;</subfield>
  </datafield>
  <datafield tag="999" ind1=" " ind2=" ">
    <subfield code="c">14164</subfield>
    <subfield code="d">14164</subfield>
  </datafield>
  <datafield tag="952" ind1=" " ind2=" ">
    <subfield code="0">0</subfield>
    <subfield code="1">0</subfield>
    <subfield code="4">0</subfield>
    <subfield code="7">1</subfield>
    <subfield code="8">NFIC</subfield>
    <subfield code="a">DBAD</subfield>
    <subfield code="b">DBAD</subfield>
    <subfield code="d">2008-07-01</subfield>
    <subfield code="e">&#x92A;&#x941;.&#x92A;&#x94D;&#x930;.&#x905;.&#x92A;&#x94D;&#x930; /&#x92A;&#x94D;&#x930;&#x915;&#x93E;</subfield>
    <subfield code="g">140.00</subfield>
    <subfield code="l">0</subfield>
    <subfield code="o">827 &#x935;&#x930;&#x94D;&#x92E;&#x93E;&#x938;&#x941;</subfield>
    <subfield code="p">HN-56054</subfield>
    <subfield code="r">2008-09-15 00:00:00</subfield>
    <subfield code="t">1</subfield>
    <subfield code="v">140.00</subfield>
    <subfield code="w">2008-09-15</subfield>
    <subfield code="y">HN</subfield>
  </datafield>
  <datafield tag="952" ind1=" " ind2=" ">
    <subfield code="0">0</subfield>
    <subfield code="1">0</subfield>
    <subfield code="2">ddc</subfield>
    <subfield code="4">0</subfield>
    <subfield code="7">0</subfield>
    <subfield code="8">NFIC</subfield>
    <subfield code="a">L</subfield>
    <subfield code="b">L</subfield>
    <subfield code="d">2009-05-18</subfield>
    <subfield code="e">&#x909;&#x92E;&#x947;&#x936; &#x92A;&#x94D;&#x930;&#x915;&#x93E;&#x936;&#x928;/1755/23.9.08/228/4.9.08/3.10.09</subfield>
    <subfield code="g">140.00</subfield>
    <subfield code="l">2</subfield>
    <subfield code="o">827 &#x935;&#x930;&#x94D;&#x92E;&#x93E;&#x938;&#x941;</subfield>
    <subfield code="p">B-298813</subfield>
    <subfield code="r">2018-04-27 00:00:00</subfield>
    <subfield code="s">2018-04-09</subfield>
    <subfield code="t">1</subfield>
    <subfield code="v">140.00</subfield>
    <subfield code="w">2009-05-18</subfield>
    <subfield code="y">HN</subfield>
  </datafield>
  <datafield tag="952" ind1=" " ind2=" ">
    <subfield code="0">0</subfield>
    <subfield code="1">0</subfield>
    <subfield code="2">ddc</subfield>
    <subfield code="4">0</subfield>
    <subfield code="7">0</subfield>
    <subfield code="8">NFIC</subfield>
    <subfield code="a">M</subfield>
    <subfield code="b">M</subfield>
    <subfield code="d">2009-05-18</subfield>
    <subfield code="e">&#x909;&#x92E;&#x947;&#x936; &#x92A;&#x94D;&#x930;&#x915;&#x93E;&#x936;&#x928;/1755/23.9.08/228/4.9.08/3.10.09</subfield>
    <subfield code="g">140.00</subfield>
    <subfield code="l">0</subfield>
    <subfield code="o">827 &#x935;&#x930;&#x94D;&#x92E;&#x93E;&#x938;&#x941;</subfield>
    <subfield code="p">B-298814</subfield>
    <subfield code="r">2009-05-18 00:00:00</subfield>
    <subfield code="t">2</subfield>
    <subfield code="v">140.00</subfield>
    <subfield code="w">2009-05-18</subfield>
    <subfield code="y">HN</subfield>
  </datafield>
  <datafield tag="952" ind1=" " ind2=" ">
    <subfield code="0">0</subfield>
    <subfield code="1">0</subfield>
    <subfield code="2">ddc</subfield>
    <subfield code="4">0</subfield>
    <subfield code="7">0</subfield>
    <subfield code="8">NFIC</subfield>
    <subfield code="a">M</subfield>
    <subfield code="b">M</subfield>
    <subfield code="d">2009-05-18</subfield>
    <subfield code="e">&#x909;&#x92E;&#x947;&#x936; &#x92A;&#x94D;&#x930;&#x915;&#x93E;&#x936;&#x928;/1755/23.9.08/228/4.9.08/3.10.09</subfield>
    <subfield code="g">140.00</subfield>
    <subfield code="l">0</subfield>
    <subfield code="o">827 &#x935;&#x930;&#x94D;&#x92E;&#x93E;&#x938;&#x941;</subfield>
    <subfield code="p">B-298815</subfield>
    <subfield code="r">2009-05-18 00:00:00</subfield>
    <subfield code="t">2</subfield>
    <subfield code="v">140.00</subfield>
    <subfield code="w">2009-05-18</subfield>
    <subfield code="y">HN</subfield>
  </datafield>
  <datafield tag="952" ind1=" " ind2=" ">
    <subfield code="0">0</subfield>
    <subfield code="1">0</subfield>
    <subfield code="2">ddc</subfield>
    <subfield code="4">0</subfield>
    <subfield code="7">0</subfield>
    <subfield code="8">NFIC</subfield>
    <subfield code="a">BL1</subfield>
    <subfield code="b">BL1</subfield>
    <subfield code="d">2009-05-18</subfield>
    <subfield code="e">&#x909;&#x92E;&#x947;&#x936; &#x92A;&#x94D;&#x930;&#x915;&#x93E;&#x936;&#x928;/1755/23.9.08/228/4.9.08/3.10.09</subfield>
    <subfield code="g">140.00</subfield>
    <subfield code="l">0</subfield>
    <subfield code="o">827 &#x935;&#x930;&#x94D;&#x92E;&#x93E;&#x938;&#x941;</subfield>
    <subfield code="p">B-298816</subfield>
    <subfield code="r">2009-05-18 00:00:00</subfield>
    <subfield code="t">1</subfield>
    <subfield code="v">140.00</subfield>
    <subfield code="w">2009-05-18</subfield>
    <subfield code="y">HN</subfield>
  </datafield>
  <datafield tag="952" ind1=" " ind2=" ">
    <subfield code="0">0</subfield>
    <subfield code="1">0</subfield>
    <subfield code="2">ddc</subfield>
    <subfield code="4">0</subfield>
    <subfield code="7">0</subfield>
    <subfield code="8">NFIC</subfield>
    <subfield code="a">ZLS</subfield>
    <subfield code="b">ZLS</subfield>
    <subfield code="d">2009-05-18</subfield>
    <subfield code="e">&#x909;&#x92E;&#x947;&#x936; &#x92A;&#x94D;&#x930;&#x915;&#x93E;&#x936;&#x928;/1755/23.9.08/228/4.9.08/3.10.09</subfield>
    <subfield code="g">140.00</subfield>
    <subfield code="l">0</subfield>
    <subfield code="o">827 &#x935;&#x930;&#x94D;&#x92E;&#x93E;&#x938;&#x941;</subfield>
    <subfield code="p">B-298817</subfield>
    <subfield code="r">2009-05-18 00:00:00</subfield>
    <subfield code="t">1</subfield>
    <subfield code="v">140.00</subfield>
    <subfield code="w">2009-05-18</subfield>
    <subfield code="y">HN</subfield>
  </datafield>
  <datafield tag="952" ind1=" " ind2=" ">
    <subfield code="0">0</subfield>
    <subfield code="1">0</subfield>
    <subfield code="2">ddc</subfield>
    <subfield code="4">0</subfield>
    <subfield code="7">0</subfield>
    <subfield code="8">NFIC</subfield>
    <subfield code="a">BL3</subfield>
    <subfield code="b">BL3</subfield>
    <subfield code="d">2009-05-18</subfield>
    <subfield code="e">&#x909;&#x92E;&#x947;&#x936; &#x92A;&#x94D;&#x930;&#x915;&#x93E;&#x936;&#x928;/1755/23.9.08/228/4.9.08/3.10.09</subfield>
    <subfield code="g">140.00</subfield>
    <subfield code="l">0</subfield>
    <subfield code="o">827 &#x935;&#x930;&#x94D;&#x92E;&#x93E;&#x938;&#x941;</subfield>
    <subfield code="p">B-298818</subfield>
    <subfield code="r">2009-05-18 00:00:00</subfield>
    <subfield code="t">1</subfield>
    <subfield code="v">140.00</subfield>
    <subfield code="w">2009-05-18</subfield>
    <subfield code="y">HN</subfield>
  </datafield>
  <datafield tag="952" ind1=" " ind2=" ">
    <subfield code="0">0</subfield>
    <subfield code="1">0</subfield>
    <subfield code="2">ddc</subfield>
    <subfield code="4">0</subfield>
    <subfield code="7">0</subfield>
    <subfield code="8">NFIC</subfield>
    <subfield code="a">BL4</subfield>
    <subfield code="b">BL4</subfield>
    <subfield code="d">2009-05-18</subfield>
    <subfield code="e">&#x909;&#x92E;&#x947;&#x936; &#x92A;&#x94D;&#x930;&#x915;&#x93E;&#x936;&#x928;/1755/23.9.08/228/4.9.08/3.10.09</subfield>
    <subfield code="g">140.00</subfield>
    <subfield code="l">0</subfield>
    <subfield code="o">827 &#x935;&#x930;&#x94D;&#x92E;&#x93E;&#x938;&#x941;</subfield>
    <subfield code="p">B-298819</subfield>
    <subfield code="r">2009-05-18 00:00:00</subfield>
    <subfield code="t">1</subfield>
    <subfield code="v">140.00</subfield>
    <subfield code="w">2009-05-18</subfield>
    <subfield code="y">HN</subfield>
  </datafield>
</record>
